1424 1459 1352 1746 1496 1569 1207 1706 1244 1236 1241 1967 1999 1626 1658 1961 1253 1936 1280 1384 1373 1783 1422 1106 1910 1985 1508 1995 1901 1683 1658 1641 1062 1517 1258 1118 1854 1212 1391 1942 1662 1452 1877 1676 1066 1336 1001 1636 1554 1406 1052 1443 1427 1182 1975 1119 1050 1806 1017 1705 1840 1809 1018 1906 1597 1384 1838 1556 1483 1083 1862 1094 1774 1840 1382 1877 1586 1063 1129 1177 1280 1376 1389 1382 1670 1330 1668 1444 1324 1234 1828 1929 1796 1018 1961 1652 1758 1359 1960 BCNSPRNW ULIB Ver.6.0+V

เปลี่ยนเป็นภาษาไทย

Change to English
 แสดงรายละเอียดบรรณานุกรม
  กลับหน้าหลัก

Brief Record : Get Marc (ISO 2709) : E-mail record : QR code < ปิดหน้าต่าง
LEADER : 00000nam 2200000uu 4500
001    13399127222
003     ULIB
008    200227s2560||||th 000 0 tha d
020    ^a9786169313922
060 04 ^aWA540^bช166ก
100 0  ^aชมนาด พจนามาตร์
245 10 ^aการจัดการเรียนการสอนเพื่อควบคุมการบริโภคยาสูบ : หมวดวิชาการสร้างเสริมสุขภาพ /^cชมนาด พจนามาตร์ และคนอื่นๆ ; บรรณาธิการ, สุปาณี เสนาดิสัย, สุรินธร กลัมพากร
250    ^aพิมพ์ครั้งที่ 1
260    ^aกรุงเทพฯ :^bบริษัทเบญจผล จำกัด,^c2560.
300    ^a92 หน้า :^bภาประกอบ ;^c26 ซม.
504    ^aบรรณานุกรม
650  7 ^aการศึกษาพยาบาล^xหลักสูตร
650  7 ^aการส่งเสริมสุขภาพ
650  7 ^aการสูบบุหรี่^xการป้องกันและควบคุม
700 0  ^aโสภาพรรณ อินต๊ะเผือก^eเรียบเรียง
700 0  ^aพงษ์ภัทร์ รัตนสุวรรณ^eเรียบเรียง
700 0  ^aบุบผา วิริยรัตนกุล^eเรียบเรียง
700 0  ^aนภมน ยารวง^eเรียบเรียง
700 0  ^aขนิษฐา พิศฉลาด^eเรียบเรียง
700 0  ^aมัลลิกา มาตระกูล^eเรียบเรียง
700 0  ^aสุรินธร กลัมพากร^eบรรณาธิการ
700 0  ^aสุปราณี เสนาดิสัย^eบรรณาธิการ
710 2  ^aเครือข่ายพยาบาลเพื่อการควบคุมยาสูบแห่งประเทศไทย
945    ^p0^l0^i006396
999    ^aประนอม เกษจรัล
รายการนี้ยังไม่มีแท็ก
คุณยังไม่ได้ล็อกอิน คุณสามารถมีกิจกรรมร่วมกับเว็บไซต์ได้ แต่ต้องล็อกอินก่อน ::
  ล็อกอิน

รายการสื่อสารสนเทศ

ลำดับที่ ประเภท เลขเรียก/บาร์โค้ด สถานที่ สถานะ
1. วิทยาศาสตร์การแพทย์ และสุขภาพ
หนังสือสำรอง
สถานะ=หนังสือสำรอง
WA540 ช166ก ฉ.1 
  Barcode: 006396
ห้องสมุดวิทยาเขตสวรรค์ประชารักษ์
►หนังสือทั่วไป
บนชั้น

รายการใกล้เคียง
    หัวเรื่อง [การส่งเสริมสุขภาพ]

BibComment


ยังไม่เคยถูกคอมเมนท์

คอมเมนท์ทรัพยากรรายการนี้
  คอมเมนท์: การจัดการเรียนกา..


 Copyright 2026. Bcnsprnw @Library